MARC details
| 000 -LÍDER |
| campo de controle de tamanho fixo |
01500naa a22004097a 4500 |
| 001 - NÚMERO DE CONTROLE |
| campo de controle |
BR7405511 |
| 003 - IDENTIFICADOR DO NÚMERO DE CONTROLE |
| campo de controle |
BR-BrBNA |
| 005 - DATA E HORÁRIO DA ÚLTIMA TRANSAÇÃO |
| campo de controle |
20240918173628.0 |
| 007 - CAMPO FIXO DE DESCRIÇÃO FÍSICA--INFORMAÇÃO GERAL |
| campo de controle de tamanho fixo |
ta |
| 008 - CAMPO DE DADOS FIXOS--INFORMAÇÃO GERAL |
| campo de controle de tamanho fixo |
230509b bl.||||| |||| 00| 0 por d |
| 040 ## - FONTE DA CATALOGAÇÃO |
| Instituição da catalogação original |
BR-BrBNA |
| Idioma da catalogação |
por |
| Instituição que transcreveu o registro |
Biblioteca Nacional de Agricultura |
| 041 ## - CÓDIGO DE IDIOMA |
| Código do idioma do texto/trilha sonora ou título diferente |
(Pt) |
| 072 ## - CÓDIGO DE CATEGORIA DE ASSUNTO |
| Código de Categoria de Assunto |
F25 |
| Código do objeto |
3372 |
| -- |
3820 |
| -- |
3830 |
| -- |
3810 |
| -- |
G514 |
| 090 ## - NÚMERO DE CHAMADA LOCAL |
| Número de chamada |
F25 BR7405511 |
| 100 1# - ENTRADA PRINCIPAL--NOME PESSOAL |
| Nome pessoal |
Lima, M.C.A. |
| 100 1# - ENTRADA PRINCIPAL--NOME PESSOAL |
| Nome pessoal |
Correia, E.B. |
| 100 1# - ENTRADA PRINCIPAL--NOME PESSOAL |
| Nome pessoal |
Fernandes, A.P.M. |
| 100 1# - ENTRADA PRINCIPAL--NOME PESSOAL |
| Nome pessoal |
Farias, I. |
| 100 1# - ENTRADA PRINCIPAL--NOME PESSOAL |
| Nome pessoal |
Dias, F.M. |
| 100 1# - ENTRADA PRINCIPAL--NOME PESSOAL |
| Nome pessoal |
Wanderley, M.B. |
| 111 1# - ENTRADA PRINCIPAL--NOME DO EVENTO |
| Nome do evento ou lugar |
11. Reuniao da Sociedade Brasileira de Zootecnia |
| Local do evento |
Fortaleza, CE (Brazil) |
| Data do evento ou assinatura do tratado |
22 Jul 1974 |
| 245 1# - TÍTULO |
| Título |
Efeito do NPK SOBRE A PRODUCAO DA PALMA "GIGANTE" NO MUNICIPIO DE Caruaru, PE [Opuntia ficus; Pernambuco; Brasil] |
| 260 3# - PUBLICAÇÃO, DISTRIBUIÇÃO, ETC. |
| Local de publicação, distribuição, etc. |
Fortaleza, CE (Brasil): |
| Nome do editor, distribuidor, etc. |
Universidade Federal do Ceara, |
| Data da publicação, distribuição, etc. |
1974. |
| 500 ## - NOTA GERAL |
| Nota geral |
Anais da 11. Reuniao da Sociedade Brasileira de Zootecnia<br/>Fortaleza, CE (Brasil): Universidade Federal do Ceara, 1974. p. 290<br/>(BR7405511-AM)F25<br/> |
| 650 ## - ASSUNTO--TERMO TÓPICO |
| Cabeçalho tópico ou nome geográfico |
Fertilidade do solo |
| 650 ## - ASSUNTO--TERMO TÓPICO |
| Cabeçalho tópico ou nome geográfico |
Figueira da Barbaria |
| 650 ## - ASSUNTO--TERMO TÓPICO |
| Cabeçalho tópico ou nome geográfico |
Fertilizante fosfatado |
| 650 ## - ASSUNTO--TERMO TÓPICO |
| Cabeçalho tópico ou nome geográfico |
Fertilizante nitrogenado |
| 650 ## - ASSUNTO--TERMO TÓPICO |
| Cabeçalho tópico ou nome geográfico |
Fertilizante potassico |
| 650 ## - ASSUNTO--TERMO TÓPICO |
| Cabeçalho tópico ou nome geográfico |
NPK |
| 650 ## - ASSUNTO--TERMO TÓPICO |
| Cabeçalho tópico ou nome geográfico |
Colheita |
| 650 ## - ASSUNTO--TERMO TÓPICO |
| Cabeçalho tópico ou nome geográfico |
Caruaru |
| 650 ## - ASSUNTO--TERMO TÓPICO |
| Cabeçalho tópico ou nome geográfico |
Pernambuco |
| 773 0# - ENTRADA ANALÍTICA |
| Título |
Anais da 11. Reuniao da Sociedade Brasileira de Zootecnia |
| Número de controle do registro |
F25 BR7405511 |
| Partes relacionadas |
Fortaleza, CE (Brasil), 1974. p. 290 |
| 909 ## - |
| -- |
202404 |
| -- |
Lucia |
| -- |
55 |
| -- |
Lucia Elande |
| 942 ## - ELEMENTOS DE ENTRADA ADICIONADOS (KOHA) |
| Tipo de material Koha |
Capítulo-Livro |
| Fonte da classificação ou esquema de arquivamento na estante |
Classificação AGRIS |